000
00335nam a2200145Ia 4500
008
150301s2014 xx 000 0 und d
082
_a
618.2
_b
O14S
100
_a
SHARMA, J.B.
245
_a
TB. OF OBSTETRICS
250
_a
1ST
260
_b
AVICHAL PUB.
_a
INDIA
_c
2014
300
_a
775
650
_a
OBST. & GYNE
942
_2
ddc
_c
BK
_0
8
999
_c
6581
_d
6581